<?xml version="1.0" encoding="UTF-8"?>
<record
    xmlns:xsi="http://www.w3.org/2001/XMLSchema-instance"
    xsi:schemaLocation="http://www.loc.gov/MARC21/slim http://www.loc.gov/standards/marcxml/schema/MARC21slim.xsd"
    xmlns="http://www.loc.gov/MARC21/slim">

  <leader>00529nam a2200205Ia 4500</leader>
  <controlfield tag="008">230125s9999    xx            000 0 und d</controlfield>
  <datafield tag="020" ind1=" " ind2=" ">
    <subfield code="a">978-93-5024-671-9</subfield>
  </datafield>
  <datafield tag="041" ind1=" " ind2=" ">
    <subfield code="a">eng</subfield>
  </datafield>
  <datafield tag="082" ind1=" " ind2=" ">
    <subfield code="a">658.45</subfield>
    <subfield code="b">RAI/RAI</subfield>
  </datafield>
  <datafield tag="100" ind1=" " ind2=" ">
    <subfield code="a">Rai U</subfield>
    <subfield code="9">108033</subfield>
  </datafield>
  <datafield tag="245" ind1=" " ind2=" ">
    <subfield code="a">Managerial Communication</subfield>
  </datafield>
  <datafield tag="250" ind1=" " ind2=" ">
    <subfield code="a">1st ed</subfield>
  </datafield>
  <datafield tag="260" ind1=" " ind2=" ">
    <subfield code="c">2010</subfield>
    <subfield code="b">Himalaya Publishing House</subfield>
    <subfield code="a">Mumbai</subfield>
  </datafield>
  <datafield tag="300" ind1=" " ind2=" ">
    <subfield code="a">428p</subfield>
  </datafield>
  <datafield tag="500" ind1=" " ind2=" ">
    <subfield code="a">Business Communication</subfield>
  </datafield>
  <datafield tag="650" ind1=" " ind2=" ">
    <subfield code="a">Communication</subfield>
  </datafield>
  <datafield tag="700" ind1=" " ind2=" ">
    <subfield code="a">Rai U &amp; Rai S M</subfield>
    <subfield code="9">108034</subfield>
  </datafield>
  <datafield tag="906" ind1=" " ind2=" ">
    <subfield code="b">69</subfield>
  </datafield>
  <datafield tag="999" ind1=" " ind2=" ">
    <subfield code="c">88093</subfield>
    <subfield code="d">88093</subfield>
  </datafield>
  <datafield tag="952" ind1=" " ind2=" ">
    <subfield code="0">2</subfield>
    <subfield code="1">0</subfield>
    <subfield code="4">0</subfield>
    <subfield code="7">0</subfield>
    <subfield code="a">HIMR</subfield>
    <subfield code="b">HIMR</subfield>
    <subfield code="d">2011-02-15</subfield>
    <subfield code="e">Himalaya publishing house</subfield>
    <subfield code="g">275.00</subfield>
    <subfield code="i">A004477</subfield>
    <subfield code="o">658.45 RAI/RAI B09859</subfield>
    <subfield code="p">HIMR-BK-9859</subfield>
    <subfield code="r">2023-01-25 00:00:00</subfield>
    <subfield code="v">206.00</subfield>
    <subfield code="w">2011-02-15</subfield>
    <subfield code="y">BK</subfield>
    <subfield code="z">B09859</subfield>
  </datafield>
  <datafield tag="952" ind1=" " ind2=" ">
    <subfield code="0">0</subfield>
    <subfield code="1">0</subfield>
    <subfield code="4">0</subfield>
    <subfield code="7">0</subfield>
    <subfield code="a">HIMR</subfield>
    <subfield code="b">HIMR</subfield>
    <subfield code="d">2011-02-15</subfield>
    <subfield code="e">Himalaya publishing house</subfield>
    <subfield code="g">275.00</subfield>
    <subfield code="i">A004477</subfield>
    <subfield code="l">0</subfield>
    <subfield code="o">658.45 RAI/RAI B09858</subfield>
    <subfield code="p">HIMR-BK-9858</subfield>
    <subfield code="r">2023-01-25 00:00:00</subfield>
    <subfield code="v">206.00</subfield>
    <subfield code="w">2011-02-15</subfield>
    <subfield code="y">BK</subfield>
    <subfield code="z">B09858</subfield>
  </datafield>
  <datafield tag="952" ind1=" " ind2=" ">
    <subfield code="0">0</subfield>
    <subfield code="1">0</subfield>
    <subfield code="4">0</subfield>
    <subfield code="7">0</subfield>
    <subfield code="a">HIMR</subfield>
    <subfield code="b">HIMR</subfield>
    <subfield code="d">2011-02-15</subfield>
    <subfield code="e">Himalaya publishing house</subfield>
    <subfield code="g">275.00</subfield>
    <subfield code="i">A004477</subfield>
    <subfield code="l">0</subfield>
    <subfield code="o">658.45 RAI/RAI B09857</subfield>
    <subfield code="p">HIMR-BK-9857</subfield>
    <subfield code="r">2023-01-25 00:00:00</subfield>
    <subfield code="v">206.00</subfield>
    <subfield code="w">2011-02-15</subfield>
    <subfield code="y">BK</subfield>
    <subfield code="z">B09857</subfield>
  </datafield>
  <datafield tag="952" ind1=" " ind2=" ">
    <subfield code="0">0</subfield>
    <subfield code="1">0</subfield>
    <subfield code="4">0</subfield>
    <subfield code="7">0</subfield>
    <subfield code="a">HIMR</subfield>
    <subfield code="b">HIMR</subfield>
    <subfield code="d">2011-02-15</subfield>
    <subfield code="e">Himalaya publishing house</subfield>
    <subfield code="g">275.00</subfield>
    <subfield code="i">A004477</subfield>
    <subfield code="l">0</subfield>
    <subfield code="o">658.45 RAI/RAI B09856</subfield>
    <subfield code="p">HIMR-BK-9856</subfield>
    <subfield code="r">2023-01-25 00:00:00</subfield>
    <subfield code="v">206.00</subfield>
    <subfield code="w">2011-02-15</subfield>
    <subfield code="y">BK</subfield>
    <subfield code="z">B09856</subfield>
  </datafield>
  <datafield tag="952" ind1=" " ind2=" ">
    <subfield code="0">0</subfield>
    <subfield code="1">0</subfield>
    <subfield code="4">0</subfield>
    <subfield code="7">0</subfield>
    <subfield code="a">HIMR</subfield>
    <subfield code="b">HIMR</subfield>
    <subfield code="d">2011-02-15</subfield>
    <subfield code="e">Himalaya publishing house</subfield>
    <subfield code="g">275.00</subfield>
    <subfield code="i">A004477</subfield>
    <subfield code="l">0</subfield>
    <subfield code="o">658.45 RAI/RAI B09855</subfield>
    <subfield code="p">HIMR-BK-9855</subfield>
    <subfield code="r">2023-01-25 00:00:00</subfield>
    <subfield code="v">206.00</subfield>
    <subfield code="w">2011-02-15</subfield>
    <subfield code="y">BK</subfield>
    <subfield code="z">B09855</subfield>
  </datafield>
  <datafield tag="952" ind1=" " ind2=" ">
    <subfield code="0">0</subfield>
    <subfield code="1">0</subfield>
    <subfield code="4">0</subfield>
    <subfield code="7">0</subfield>
    <subfield code="a">HIMR</subfield>
    <subfield code="b">HIMR</subfield>
    <subfield code="d">2011-02-15</subfield>
    <subfield code="e">Himalaya publishing house</subfield>
    <subfield code="g">275.00</subfield>
    <subfield code="i">A004477</subfield>
    <subfield code="l">0</subfield>
    <subfield code="o">658.45 RAI/RAI B09854</subfield>
    <subfield code="p">HIMR-BK-9854</subfield>
    <subfield code="r">2023-01-25 00:00:00</subfield>
    <subfield code="v">206.00</subfield>
    <subfield code="w">2011-02-15</subfield>
    <subfield code="y">BK</subfield>
    <subfield code="z">B09854</subfield>
  </datafield>
  <datafield tag="952" ind1=" " ind2=" ">
    <subfield code="0">2</subfield>
    <subfield code="1">0</subfield>
    <subfield code="4">0</subfield>
    <subfield code="7">0</subfield>
    <subfield code="a">HIMR</subfield>
    <subfield code="b">HIMR</subfield>
    <subfield code="d">2011-02-15</subfield>
    <subfield code="e">Himalaya publishing house</subfield>
    <subfield code="g">275.00</subfield>
    <subfield code="i">A004477</subfield>
    <subfield code="o">658.45 RAI/RAI B09861</subfield>
    <subfield code="p">HIMR-BK-9861</subfield>
    <subfield code="r">2023-01-25 00:00:00</subfield>
    <subfield code="v">206.00</subfield>
    <subfield code="w">2011-02-15</subfield>
    <subfield code="y">BK</subfield>
    <subfield code="z">B09861</subfield>
  </datafield>
  <datafield tag="952" ind1=" " ind2=" ">
    <subfield code="0">2</subfield>
    <subfield code="1">0</subfield>
    <subfield code="4">0</subfield>
    <subfield code="7">0</subfield>
    <subfield code="a">HIMR</subfield>
    <subfield code="b">HIMR</subfield>
    <subfield code="d">2011-02-15</subfield>
    <subfield code="e">Himalaya publishing house</subfield>
    <subfield code="g">275.00</subfield>
    <subfield code="i">A004477</subfield>
    <subfield code="o">658.45 RAI/RAI B09863</subfield>
    <subfield code="p">HIMR-BK-9863</subfield>
    <subfield code="r">2023-01-25 00:00:00</subfield>
    <subfield code="v">206.00</subfield>
    <subfield code="w">2011-02-15</subfield>
    <subfield code="y">BK</subfield>
    <subfield code="z">B09863</subfield>
  </datafield>
  <datafield tag="952" ind1=" " ind2=" ">
    <subfield code="0">2</subfield>
    <subfield code="1">0</subfield>
    <subfield code="4">0</subfield>
    <subfield code="7">0</subfield>
    <subfield code="a">HIMR</subfield>
    <subfield code="b">HIMR</subfield>
    <subfield code="d">2011-02-15</subfield>
    <subfield code="e">Himalaya publishing house</subfield>
    <subfield code="g">275.00</subfield>
    <subfield code="i">A004477</subfield>
    <subfield code="o">658.45 RAI/RAI B09860</subfield>
    <subfield code="p">HIMR-BK-9860</subfield>
    <subfield code="r">2023-01-25 00:00:00</subfield>
    <subfield code="v">206.00</subfield>
    <subfield code="w">2011-02-15</subfield>
    <subfield code="y">BK</subfield>
    <subfield code="z">B09860</subfield>
  </datafield>
  <datafield tag="952" ind1=" " ind2=" ">
    <subfield code="0">2</subfield>
    <subfield code="1">0</subfield>
    <subfield code="4">0</subfield>
    <subfield code="7">0</subfield>
    <subfield code="a">HIMR</subfield>
    <subfield code="b">HIMR</subfield>
    <subfield code="d">2011-02-15</subfield>
    <subfield code="e">Himalaya publishing house</subfield>
    <subfield code="g">275.00</subfield>
    <subfield code="i">A004477</subfield>
    <subfield code="o">658.45 RAI/RAI B09862</subfield>
    <subfield code="p">HIMR-BK-9862</subfield>
    <subfield code="r">2023-01-25 00:00:00</subfield>
    <subfield code="v">206.00</subfield>
    <subfield code="w">2011-02-15</subfield>
    <subfield code="y">BK</subfield>
    <subfield code="z">B09862</subfield>
  </datafield>
</record>
